000 00689nam a2200241Ia 4500
003 OSt
005 20220918112017.0
006 a|||||r|||| 00| 0
007 ta
008 220915b |||||||| |||| 00| 0 hin d
024 _a169242
037 _cTextbook
040 _bhin
_aARTS
_cARTS
041 _ahin
082 _aO152,2xN3, L3
100 _aचंद्रगुप्त, संपा.
245 0 _aहिंदी एकांकी
246 _aHiandī ekāankī
260 _c1973
650 _aहिन्दी साहित्य
942 _hO152,2xN3, L3
_cTB
_2CC
999 _c117871
_d117871